000 00627nam a22002417a 4500
003 UA-OsUOA
001 42323
007 ta
008 20081222b un ||||| |||| 00| 0 ukr d
100 _aШкляр Геннадій
090 _a82-32
_bШ66
942 _cBK
040 _aUA-OsUOA
_bukr
_cUA-OsUOA
_dUA-OsUOA
245 _aЗагадка джерела
300 _a202 с.
955 _a3
041 _aukr
080 _a82-32
260 _aЖитомир
_b"Полісся"
_c1997
246 3 1 _aОповідання
650 7 _a82 Література. Літературознавство
_2UDC
999 _c440811
_d440811